|
|
|
|
| LEADER |
01346nam a22003257a 4500 |
| 001 |
34959 |
| 003 |
BD-DhAAL |
| 005 |
20230525151351.0 |
| 008 |
190730t1999 enka 000 1 eng d |
| 020 |
|
|
|a 9780141180892
|
| 035 |
|
|
|a (OCoLC)338487
|
| 040 |
|
|
|a BD-DhAAL
|
| 041 |
1 |
|
|a eng
|
| 082 |
|
|
|a 843.912
|
| 100 |
1 |
|
|a Breton, André,
|d 1896-1966.
|9 33262
|
| 240 |
1 |
0 |
|a Nadja.
|l English
|
| 245 |
1 |
0 |
|a Nadja /
|c André Breton ; translated by Richard Howard ; introduction by Mark Polizzotti
|
| 260 |
|
|
|a London :
|b Penguin Books,
|c c1999
|
| 300 |
|
|
|a 160 pages :
|b illustrations ;
|c 20 cm.
|
| 526 |
|
|
|a ENH
|
| 541 |
|
|
|a Karim International
|e 34959, 34960
|
| 650 |
|
|
|a Surrealism (Literature)
|z France.
|9 33263
|
| 650 |
|
|
|a Surrealism (Literature).
|9 33264
|
| 650 |
|
|
|a English literature.
|9 42970
|
| 651 |
|
|
|a France.
|9 33265
|
| 852 |
|
|
|a Ayesha Abed Library
|c General Stacks
|
| 942 |
|
|
|2 ddc
|c BK
|
| 999 |
|
|
|c 40864
|d 40864
|
| 952 |
|
|
|0 0
|1 0
|2 ddc
|4 0
|6 843_912000000000000_BRE
|7 0
|9 65814
|a BRACUL
|b BRACUL
|c GEN
|d 2019-07-22
|e Karim International
|g 780.00
|l 6
|m 33
|o 843.912 BRE
|p 3010034960
|q 2026-06-02
|r 2026-04-21
|s 2026-04-21
|t 2
|v 780.00
|w 2019-07-22
|y BK
|
| 952 |
|
|
|0 0
|1 0
|2 ddc
|4 0
|6 843_912000000000000_BRE
|7 0
|9 65815
|a BRACUL
|b BRACUL
|c GEN
|d 2019-07-22
|e Karim International
|g 780.00
|l 2
|m 4
|o 843.912 BRE
|p 3010034959
|r 2024-12-09
|s 2024-11-13
|t 1
|v 780.00
|w 2019-07-22
|y BK
|